Central Library OPAC University of Rajshahi

Hotel Berlin '43 / (Record no. 16687)

MARC details
000 -LEADER
fixed length control field 00701cam a22002411a 4500
001 - CONTROL NUMBER
control field 16687
003 - CONTROL NUMBER IDENTIFIER
rucl marc code BD-RjUL
005 - DATE AND TIME OF LATEST TRANSACTION
control field 20211209000035.0
008 - FIXED-LENGTH DATA ELEMENTS--GENERAL INFORMATION
fixed length control field 140215s1944 nyu 000 0 eng
035 ## - SYSTEM CONTROL NUMBER
System control number (BD-RjUL)16742
System control number (OCoLC)280338
040 ## - CATALOGING SOURCE
Original cataloging agency DLC
Transcribing agency ODaWU
Modifying agency OCoLC
-- TxU
-- OU
-- DLC
-- BD-RjUL
Language of cataloging eng
041 ## - LANGUAGE CODE
Language code of text/sound track or separate title eng
082 04 - DEWEY DECIMAL CLASSIFICATION NUMBER
Edition number 19
Classification number 813.5
Author mark and year BAH 1944
100 1# - MAIN ENTRY--PERSONAL NAME
Personal name Baum, Vicki,
Dates associated with a name 1888-1960.
9 (RLIN) 51546
245 10 - TITLE STATEMENT
Title Hotel Berlin '43 /
Statement of responsibility, etc. Vicki Baum.
260 ## - PUBLICATION, DISTRIBUTION, ETC. (IMPRINT)
Place of publication, distribution, etc. Garden City, N.Y. :
Name of publisher, distributor, etc. Doubleday, Doran & Company, inc.,
Date of publication, distribution, etc. 1944.
300 ## - PHYSICAL DESCRIPTION
Pagination 250 p. ;
Size 21 cm.
650 #7 - SUBJECT ADDED ENTRY--TOPICAL TERM
Topical term or geographic name as entry element Manners and customs.
9 (RLIN) 25140
942 ## - ADDED ENTRY ELEMENTS (KOHA)
Source of classification or shelving scheme Dewey Decimal Classification
Koha item type Books
Holdings
Lost status Source of classification or shelving scheme Damaged status Not for loan Collection code Permanent Location Current Location Shelving location Date acquired Source of acquisition Total Checkouts Full call number Date last seen Copy number Koha item type
  Dewey Decimal Classification   Not For Loan Non-fiction Central Library, University of Rajshahi Central Library, University of Rajshahi Reading Room 10/08/1965 U.S.I.S   813.5 BAH 1944 15/02/2014 C-1 Books